Interdicciones del disipador, del alcohólico y del drogadicto
Gardado en:
| Autor Principal: | |
|---|---|
| Formato: | Libro |
| Idioma: | Lingua castelá |
| Publicado: |
Santiago
Editorial Metropolitana
2016
|
| Edición: | 1a. ed |
| Subjects: | |
| Tags: |
Engadir etiqueta
Sen Etiquetas, Sexa o primeiro en etiquetar este rexistro!
|
MARC
| LEADER | 00000cam a2200000 a 4500 | ||
|---|---|---|---|
| 001 | UCC0424 | ||
| 003 | CL-VaPUC | ||
| 008 | 170811e20161000cl |||||||||||||||||spa|d | ||
| 020 | |a 9789562862165 | ||
| 082 | 0 | 4 | |a 347.067 |b LOP |2 21 |
| 100 | |a López Díaz, Carlos |e autor |9 599046 | ||
| 245 | 1 | 0 | |a Interdicciones del disipador, del alcohólico y del drogadicto |
| 250 | |a 1a. ed | ||
| 300 | |a 186 p | ||
| 942 | |c BK | ||
| 945 | |d 20170811 15:21:00 |a arojas | ||
| 260 | |a Santiago |b Editorial Metropolitana |c 2016 | ||
| 650 | 7 | |a INTERDICCION |2 CL-VaPUC |9 397649 | |
| 650 | 7 | |a DISIPACION |2 CL-VaPUC |9 594388 | |
| 650 | 7 | |a DEMENCIA |2 CL-VaPUC |9 334202 | |
| 650 | 0 | |a Enfermedades mentales |9 310204 | |
| 650 | 0 | |a Trastornos mentales |9 307475 | |
| 650 | 7 | |a INTERDICTOS |2 CL-VaPUC |9 397560 | |
| 650 | 7 | |a PROCEDIMIENTO JUDICIAL |2 CL-VaPUC |9 594389 | |
| 583 | |a last modification |c 20170811 15:21:00 |k Rodrigo Vera | ||
| 999 | |c 369267 |d 369265 | ||
| 952 | |0 0 |1 0 |3 erb |4 0 |6 347_067000000000000_LOP_2016 |7 0 |8 A |9 484909 |a BIBDER |b BIBDER |i 5413249 |o 347.067 LOP 2016 |p 5413249 |r 2023-01-25 |w 2019-11-24 |y BK |z Catalogado en:20170811 |k DER | ||